000 00296nam a22001337a 4500
008 171215b xxu||||| |||| 00| 0 eng d
020 _a9781256410096
041 _aeng
080 _a61
100 _a3
101 _aMJE
245 _aMEDICAL ASSISTING WORKBOOK
_cMARGARET.S
942 _2udc
_cBK
999 _c38983
_d38983